[Event "Fast! & Furious?"]
[Site "SchemingMind.com"]
[Date "2014.01.15"]
[Round "-"]
[White "emvarela"]
[Black "kenneth m day"]
[Result "0-1"]
[WhiteCountry "ARG"]
[BlackCountry "USA"]
[WhiteElo "1674"]
[WhiteRD "46"]
[BlackElo "1767"]
[BlackRD "48"]
[GameID "345533"]

1. e4 e5 2. Nf3 Nc6 3. Bb5 f5 4. d4 fxe4 5. Bxc6 dxc6 6. Nxe5 Nf6 7. Bg5 Be7 8. Bxf6 Bxf6 9. Qh5+ g6 10. Nxg6 hxg6
11. Qxg6+ Ke7 12. Qxe4+ Be6 13. c3 Qd5 14. Qxd5 cxd5 15. Nd2 Rag8 16. g3 Bg4 17. f3 Bf5 18. Kf2 Rf8 19. Rae1+ Kd6 20. Re2 Bg5
21. f4 Bd8 22. Nf3 Be4 23. h4 c6 24. Ne5 Bxh1
0-1

[Event "Fast! & Furious?"]
[Site "SchemingMind.com"]
[Date "2014.01.15"]
[Round "-"]
[White "kenneth m day"]
[Black "emvarela"]
[Result "1-0"]
[WhiteCountry "USA"]
[BlackCountry "ARG"]
[WhiteElo "1767"]
[WhiteRD "48"]
[BlackElo "1674"]
[BlackRD "46"]
[GameID "345534"]

1. e4 e5 2. Nf3 Nc6 3. c3 Nf6 4. d4 exd4 5. e5 Qe7 6. cxd4 d6 7. Be2 dxe5 8. O-O Bf5 9. dxe5 Nxe5 10. Re1 Rd8
11. Bd2 Nxf3+ 12. Bxf3 Be6 13. Bxb7 Qd6 14. Qa4+ Nd7 15. Bf4 Qb6 16. Bc6 Bd6 17. Bxd6 cxd6 18. Nd2 O-O 19. b4 Nb8 20. Be4 d5
21. Bf3 Nc6 22. a3 Nd4 23. Bd1 Bd7 24. Qa5 Qxa5 25. bxa5 Be6 26. Nf3 Nxf3+ 27. Bxf3 Rd6 28. Rad1 Rfd8 29. Rd4 Rc8 30. h3 Rc5
31. Rb1 g6 32. Rb8+ Kg7 33. Ra4 Bd7 34. Rab4
1-0

[Event "Fast! & Furious?"]
[Site "SchemingMind.com"]
[Date "2014.01.19"]
[Round "-"]
[White "fu_manchu"]
[Black "emvarela"]
[Result "0-1"]
[WhiteCountry "CAN"]
[BlackCountry "ARG"]
[WhiteElo "1743"]
[WhiteRD "71"]
[BlackElo "1732"]
[BlackRD "45"]
[GameID "345905"]

1. d4 Nf6 2. c4 e6 3. g3 Bb4+ 4. Nd2 O-O 5. Bg2 d5 6. Nf3 dxc4 7. e3 c5 8. O-O Bxd2 9. Bxd2 Nc6 10. dxc5 Bd7
11. Qc2 Qc7 12. Qxc4 Rac8 13. b4 Ne5 14. Nxe5 Qxe5 15. Rac1 b5 16. Qd3 Bc6 17. Bc3 Qc7 18. Bxf6 Bxg2 19. Kxg2 gxf6 20. Qxb5 Rfd8
21. Qe2 Qc6+ 22. f3 a6 23. Qc2 Rd7 24. a4 Rcd8 25. Rfd1 f5 26. Rxd7 Rxd7 27. Rd1 Rxd1 28. Qxd1 Kg7 29. Qd4+ f6 30. Qd6 Qxa4
31. c6 Qc2+ 32. Kh3 Qe2 33. c7 Qf1+ 34. Kh4 Qxf3 35. Qf4 Qc6
0-1

[Event "Fast! & Furious?"]
[Site "SchemingMind.com"]
[Date "2014.01.19"]
[Round "-"]
[White "fu_manchu"]
[Black "kenneth m day"]
[Result "1-0"]
[WhiteCountry "CAN"]
[BlackCountry "USA"]
[WhiteElo "1743"]
[WhiteRD "71"]
[BlackElo "1769"]
[BlackRD "48"]
[GameID "345906"]

1. e4 e5 2. Nf3 Nc6 3. Bb5 f5 4. d3 fxe4 5. dxe4 Nf6 6. O-O Bc5 7. Nc3 O-O 8. Bg5 d6 9. Nd5 a6 10. Nxf6+ gxf6
11. Bc4+ Kg7 12. Bh4 Bg4 13. c3 Ne7 14. h3 Bh5 15. Qd3 Ng6 16. Bg3 c6 17. Nh4 Nxh4 18. Bxh4 Qe8 19. Kh1 Bf7 20. Qg3+ Bg6
21. f4 exf4 22. Qxf4 Qe5 23. Qg4 d5 24. exd5 Bd6 25. g3 Qe4+ 26. Qxe4 Bxe4+ 27. Kh2 cxd5 28. Be2 Be5 29. Bf3 Rae8 30. Rae1 f5
31. Bxe4 fxe4 32. Kg2 b5 33. Rd1 Rxf1 34. Kxf1 Bf6 35. Bxf6+ Kxf6 36. Rxd5 Re6 37. Ke2 h6 38. g4 Re5 39. Rxe5 Kxe5 40. Ke3 Kd5
41. h4 Ke5 42. g5 hxg5 43. hxg5 Kf5 44. g6 Kxg6 45. Kxe4 Kf6 46. Kd5 Ke7 47. Kc6 Ke6 48. Kb6 Kd5 49. Kxa6 Kc5 50. b4+ Kc4
51. Ka5
1-0

[Event "Fast! & Furious?"]
[Site "SchemingMind.com"]
[Date "2014.01.19"]
[Round "-"]
[White "emvarela"]
[Black "fu_manchu"]
[Result "1-0"]
[WhiteCountry "ARG"]
[BlackCountry "CAN"]
[WhiteElo "1732"]
[WhiteRD "45"]
[BlackElo "1743"]
[BlackRD "71"]
[GameID "345907"]

1. e4 c5 2. Nf3 Nc6 3. d4 cxd4 4. Nxd4 Nf6 5. Nc3 e6 6. Nxc6 bxc6 7. e5 Nd5 8. Nxd5 cxd5 9. Bd2 d6 10. exd6 Bxd6
11. Bb5+ Bd7 12. Bxd7+ Qxd7 13. Qg4 O-O 14. Bc3 f6 15. O-O Qf7 16. Bb4 Bxb4 17. Qxb4 Rab8 18. Qa3 Qb7 19. b3 Qb6 20. Rad1 Rfd8
21. Rfe1 e5 22. Re3 Rbc8 23. Qb2 Qc5 24. c3 e4 25. Rd4 a5 26. Qd2 f5 27. g3 Rd7 28. Kg2 Rf8 29. c4 f4 30. gxf4 Rxf4
31. Rxd5 Rxd5 32. Qxd5+ Qxd5 33. cxd5
1-0

[Event "Fast! & Furious?"]
[Site "SchemingMind.com"]
[Date "2014.01.19"]
[Round "-"]
[White "kenneth m day"]
[Black "fu_manchu"]
[Result "1-0"]
[WhiteCountry "USA"]
[BlackCountry "CAN"]
[WhiteElo "1756"]
[WhiteRD "49"]
[BlackElo "1771"]
[BlackRD "67"]
[GameID "345908"]

1. e4 c5 2. d4 cxd4 3. c3 dxc3 4. Nxc3 Nc6 5. Nf3 d6 6. Bc4 e6 7. O-O Nf6 8. Qe2 Be7 9. Bg5 O-O 10. Rfd1 Qc7
11. Rac1 a6 12. Rd2 b5 13. Bd3 Nb4 14. Bb1 Bb7 15. Rdd1 Qd7 16. e5 Nfd5 17. Qd2 Nxc3 18. Qxc3 Bxf3 19. Qxf3 Bxg5 20. Rxd6 Qe7
21. Rc3 Nd5 22. Qh3 h6 23. Rg3 Rac8 24. Rc3 Nxc3 25. bxc3 Rfd8 26. Qd3 Rxd6 27. Qh7+ Kf8 28. Qh8#
1-0

[Event "Fast! & Furious?"]
[Site "SchemingMind.com"]
[Date "2014.02.05"]
[Round "-"]
[White "Scooter"]
[Black "emvarela"]
[Result "1-0"]
[WhiteCountry "USA"]
[BlackCountry "ARG"]
[WhiteElo "1732"]
[WhiteRD "47"]
[BlackElo "1732"]
[BlackRD "45"]
[GameID "346825"]

1. d4 Nf6 2. Nf3 d5 3. Bf4 e6 4. e3 c5 5. c3 cxd4 6. exd4 Nc6 7. Bb5 Bd6 8. Bxd6 Qxd6 9. O-O a6 10. Bxc6+ bxc6
11. Nbd2 O-O 12. Re1 c5 13. dxc5 Qxc5 14. Nb3 Qd6 15. Ne5 Nd7 16. Nxd7 Bxd7 17. c4 Bc6 18. Na5 Rfd8 19. Nxc6 Qxc6 20. cxd5 Rxd5
21. Qe2 Rad8 22. Rac1 Rc5 23. Rxc5 Qxc5 24. h3 Qb5 25. Qxb5 axb5 26. Kf1 g6 27. Ke2 Kg7 28. Rc1 Kf6 29. Rc5 Rd5 30. Rxd5 exd5
31. Kd3 Ke5 32. b3 d4 33. a4 bxa4 34. bxa4 Kd5 35. a5 Kc5 36. a6 Kb6 37. Kxd4 Kxa6 38. Ke5 f5 39. Kf6 Kb6 40. Kg7 g5
41. Kxh7 g4 42. h4 Kc6 43. h5
1-0

[Event "Fast! & Furious?"]
[Site "SchemingMind.com"]
[Date "2014.01.31"]
[Round "-"]
[White "Scooter"]
[Black "kenneth m day"]
[Result "0-1"]
[WhiteCountry "USA"]
[BlackCountry "USA"]
[WhiteElo "1731"]
[WhiteRD "46"]
[BlackElo "1767"]
[BlackRD "48"]
[GameID "346826"]

1. d4 Nf6 2. Bf4 d6 3. Nf3 g6 4. e3 Bg7 5. h3 O-O 6. Be2 c5 7. c3 Nc6 8. O-O cxd4 9. cxd4 Re8 10. Nbd2 Nd5
11. Bg3 a6 12. a3 e5 13. dxe5 dxe5 14. Rb1 b5 15. e4 Nf4 16. Bxf4 exf4 17. Qc2 Bb7 18. Rfd1 Rc8 19. Nc4 Qe7 20. Nd6 Qc7
21. Nxe8 Rxe8 22. b4 Qb6 23. Qc5 Qc7 24. Rbc1 Bf8 25. Qc2 Bg7 26. a4 Qe7 27. axb5 axb5 28. Bxb5 Nxb4 29. Qa4 Ra8 30. Qb3 Bxe4
31. Re1 Bf8 32. Nd2 Bd5 33. Rxe7 Bxb3 34. Re8 Rxe8 35. Bxe8 Be6 36. Ne4 Be7 37. Rc7 Nd5 38. Bd7 Nxc7
0-1

[Event "Fast! & Furious?"]
[Site "SchemingMind.com"]
[Date "2014.01.31"]
[Round "-"]
[White "Scooter"]
[Black "fu_manchu"]
[Result "1/2-1/2"]
[WhiteCountry "USA"]
[BlackCountry "CAN"]
[WhiteElo "1705"]
[WhiteRD "45"]
[BlackElo "1771"]
[BlackRD "67"]
[GameID "346827"]

1. d4 d5 2. Nf3 Nc6 3. Bf4 Nf6 4. h3 e6 5. c3 b6 6. e3 Bb7 7. Bb5 a6 8. Bxc6+ Bxc6 9. O-O Be7 10. Nbd2 O-O
11. Ne5 Bb7 12. Rc1 c5 13. b3 cxd4 14. cxd4 Ba3 15. Rc2 a5 16. Nc6 Qe8 17. Nb1 Bxc6 18. Nxa3 Qd7 19. Qc1 Rac8 20. Qb2 Bb7
21. Rfc1 Rxc2 22. Rxc2 Rc8 23. Rxc8+ Qxc8 24. Qc2 Qxc2 25. Nxc2 Ne4 26. b4 Ba6=
1/2-1/2

[Event "Fast! & Furious?"]
[Site "SchemingMind.com"]
[Date "2014.02.05"]
[Round "-"]
[White "emvarela"]
[Black "Scooter"]
[Result "0-1"]
[WhiteCountry "ARG"]
[BlackCountry "USA"]
[WhiteElo "1732"]
[WhiteRD "45"]
[BlackElo "1732"]
[BlackRD "47"]
[GameID "346828"]

1. Nf3 c6 2. c4 d5 3. cxd5 cxd5 4. d4 Bg4 5. e3 Nf6 6. Be2 e6 7. h3 Bxf3 8. Bxf3 Bb4+ 9. Bd2 Bxd2+ 10. Qxd2 O-O
11. O-O Nbd7 12. Nc3 a6 13. Rac1 Rc8 14. Rc2 b5 15. Rfc1 Nb6 16. b3 Qd7 17. Ne2 Rxc2 18. Rxc2 Rc8 19. Rxc8+ Qxc8 20. Qc3 g6
21. Qxc8+ Nxc8 22. Nc3 Nb6 23. e4 dxe4 24. Bxe4 Nxe4 25. Nxe4 Nd5 26. Nc5 Nc3 27. Kf1 Nxa2 28. Nxa6 Kf8 29. b4 Nc3 30. Nc5 Ke7
31. f4 Kd6 32. Kf2 Kd5 33. Na6 Kxd4 34. g4 Na2 35. Kf3 Kc4 36. Ke4 Nxb4
0-1

[Event "Fast! & Furious?"]
[Site "SchemingMind.com"]
[Date "2014.01.31"]
[Round "-"]
[White "kenneth m day"]
[Black "Scooter"]
[Result "1-0"]
[WhiteCountry "USA"]
[BlackCountry "USA"]
[WhiteElo "1756"]
[WhiteRD "49"]
[BlackElo "1705"]
[BlackRD "45"]
[GameID "346829"]

1. e4 c6 2. c4 d5 3. cxd5 cxd5 4. exd5 Qxd5 5. d4 Qa5+ 6. Bd2 Qd8 7. Nf3 Bg4 8. Qa4+ Bd7 9. Bb5 a6 10. Bxd7+ Qxd7
11. Qb3 Nc6 12. d5 Na7 13. Nc3 Nf6 14. O-O g6 15. Rfe1 Bg7 16. Ne5 Qd6 17. Qxb7 O-O 18. Qb3 Nxd5 19. Qxd5
1-0

[Event "Fast! & Furious?"]
[Site "SchemingMind.com"]
[Date "2014.01.31"]
[Round "-"]
[White "fu_manchu"]
[Black "Scooter"]
[Result "1-0"]
[WhiteCountry "CAN"]
[BlackCountry "USA"]
[WhiteElo "1771"]
[WhiteRD "67"]
[BlackElo "1705"]
[BlackRD "45"]
[GameID "346830"]

1. e4 c6 2. d4 d5 3. Nc3 dxe4 4. Nxe4 Bf5 5. Ng3 Bg6 6. Nf3 Nd7 7. c4 Ngf6 8. Be2 e6 9. O-O Bd6 10. Nh4 Bxg3
11. fxg3 Be4 12. Nf3 O-O 13. Bf4 h6 14. Bd6 Re8 15. c5 Nd5 16. Qd2 N5f6 17. Rae1 Bxf3 18. Bxf3 Nd5 19. Bh5 N7f6 20. Bd1 Qd7
21. g4 Red8 22. g5 hxg5 23. Qxg5 Nh7 24. Qg3 Ndf6 25. Bc2 Ne8 26. Qd3 g6 27. Be5 Nc7 28. Qh3 Nd5 29. Qh6 Ndf6 30. Rxf6 Qe7
31. Ref1
1-0

[Event "Fast! & Furious?"]
[Site "SchemingMind.com"]
[Date "2014.02.05"]
[Round "-"]
[White "simpet"]
[Black "emvarela"]
[Result "1-0"]
[WhiteCountry "ENG"]
[BlackCountry "ARG"]
[WhiteElo "1622"]
[WhiteRD "54"]
[BlackElo "1674"]
[BlackRD "46"]
[GameID "346862"]

1. e4 e5 2. Bc4 Nf6 3. Nc3 c6 4. a3 d5 5. exd5 cxd5 6. Ba2 Be6 7. d3 Bc5 8. Nge2 Nc6 9. O-O O-O 10. Bg5 h6
11. Bxf6 Qxf6 12. Bxd5 Bxd5 13. Nxd5 Qd6 14. c4 Nd4 15. b4 Nxe2+ 16. Qxe2 Bd4 17. Rae1 f6 18. Qg4 Rf7 19. Kh1 a5 20. f4 axb4
21. axb4 Ra3 22. Qg6 Rxd3 23. Qxd3
1-0

[Event "Fast! & Furious?"]
[Site "SchemingMind.com"]
[Date "2014.01.31"]
[Round "-"]
[White "simpet"]
[Black "Scooter"]
[Result "0-1"]
[WhiteCountry "ENG"]
[BlackCountry "USA"]
[WhiteElo "1641"]
[WhiteRD "54"]
[BlackElo "1705"]
[BlackRD "45"]
[GameID "346863"]

1. e4 c6 2. Nc3 d5 3. d4 dxe4 4. Nxe4 Bf5 5. Ng5 h6 6. Qh5 Bg6 7. Qh4 e6 8. N1f3 Be7 9. Ne5 Bxg5 10. Bxg5 Ne7
11. Bc4 Bxc2 12. O-O Bh7 13. Bxe7 Qxe7 14. Qg3 Nd7 15. Rfd1 Nxe5 16. Qxg7 Ng6 17. d5 cxd5 18. Bxd5 Rd8 19. Be4 Rxd1+ 20. Rxd1 f5
21. Qxe7+ Kxe7 22. Bc2 Rd8
0-1

[Event "Fast! & Furious?"]
[Site "SchemingMind.com"]
[Date "2014.01.31"]
[Round "-"]
[White "simpet"]
[Black "kenneth m day"]
[Result "1-0"]
[WhiteCountry "ENG"]
[BlackCountry "USA"]
[WhiteElo "1622"]
[WhiteRD "54"]
[BlackElo "1767"]
[BlackRD "48"]
[GameID "346864"]

1. e4 e5 2. Bc4 Nf6 3. Qf3 Bc5 4. Nc3 d6 5. Nd5 O-O 6. h3 Be6 7. Nxf6+ Qxf6 8. Qxf6 gxf6 9. Be2 Nc6 10. c3 Ne7
11. d3 Ng6 12. Bh6 Rfe8 13. g3 d5 14. f4 Bf8 15. Bxf8 Kxf8 16. f5 dxe4 17. dxe4 Bxf5 18. exf5 Ne7 19. g4 Nd5 20. O-O-O Nf4
21. Bc4 Ng2 22. Rd2 Ne3 23. Bb3 c6 24. Ne2 a5 25. a3 a4 26. Ba2 b5 27. Rd6 Kg7 28. Rxc6 Red8 29. Rc7 Nd5 30. Rc5 Rab8
31. Bxd5
1-0

[Event "Fast! & Furious?"]
[Site "SchemingMind.com"]
[Date "2014.01.31"]
[Round "-"]
[White "simpet"]
[Black "fu_manchu"]
[Result "0-1"]
[WhiteCountry "ENG"]
[BlackCountry "CAN"]
[WhiteElo "1641"]
[WhiteRD "54"]
[BlackElo "1771"]
[BlackRD "67"]
[GameID "346865"]

1. e4 b6 2. Bc4 Bb7 3. d3 Nf6 4. Nf3 e6 5. Bg5 Be7 6. Nbd2 O-O 7. O-O d5 8. Bb3 dxe4 9. dxe4 Nxe4 10. Nxe4 Bxe4
11. Bxe7 Qxe7 12. Qe2 Bb7 13. Rad1 Nc6 14. a3 Rad8 15. c3 Na5 16. Ba2 Rxd1 17. Rxd1 Rd8 18. Rd3 Rxd3 19. Qxd3 Qd6 20. Nd4 c5
21. Qb5 cxd4 22. Qe8+ Qf8
0-1

[Event "Fast! & Furious?"]
[Site "SchemingMind.com"]
[Date "2014.02.05"]
[Round "-"]
[White "emvarela"]
[Black "simpet"]
[Result "1-0"]
[WhiteCountry "ARG"]
[BlackCountry "ENG"]
[WhiteElo "1732"]
[WhiteRD "45"]
[BlackElo "1632"]
[BlackRD "55"]
[GameID "346866"]

1. e4 e5 2. Nf3 Nc6 3. Bb5 d6 4. d4 Bd7 5. Bxc6 Bxc6 6. dxe5 dxe5 7. Qxd8+ Rxd8 8. Nc3 Bb4 9. Bd2 f6 10. O-O-O Ne7
11. a3 Bxc3 12. Bxc3 O-O 13. Nd2 Bb5 14. Nb3 b6 15. Rxd8 Rxd8 16. Rd1 Rxd1+ 17. Kxd1 Bf1 18. g3 Bg2 19. Nd2 c5 20. Ke2 h5
21. f3 g5 22. b4 cxb4 23. Bxb4 Nc6 24. c4 Bh3 25. Ke3 Kf7 26. f4 gxf4+ 27. gxf4 exf4+ 28. Kxf4 Nxb4 29. axb4 Ke6 30. Nf3 Bf1
31. Nd4+ Kf7 32. c5 bxc5 33. bxc5 a5 34. Nc2 Ke6 35. h4 Bh3 36. Nd4+ Kd7 37. e5 fxe5+ 38. Kxe5 a4 39. Nc2 Kc6 40. Kd4 Kb5
41. Kd5 Bg4 42. Kd6 Kc4 43. c6 Kb3 44. Nd4+ Kb2 45. Ne6 Bf3 46. c7 Bb7 47. Nc5 Bc8 48. Nxa4+ Kb3 49. Nb6 Bb7 50. c8=Q Bxc8
51. Nxc8
1-0

[Event "Fast! & Furious?"]
[Site "SchemingMind.com"]
[Date "2014.01.31"]
[Round "-"]
[White "Scooter"]
[Black "simpet"]
[Result "1-0"]
[WhiteCountry "USA"]
[BlackCountry "ENG"]
[WhiteElo "1705"]
[WhiteRD "45"]
[BlackElo "1641"]
[BlackRD "54"]
[GameID "346867"]

1. d4 Nf6 2. Nf3 e6 3. Bf4 Bb4+ 4. c3 Ba5 5. e3 d6 6. Be2 Nc6 7. O-O O-O 8. h3 Nd5 9. Bg3 f6 10. Nbd2 Kh8
11. e4 Nde7 12. Bb5 a6 13. Bxc6 Nxc6 14. Nc4 b5 15. Nxa5 Nxa5 16. e5 Nc4 17. Rb1 fxe5 18. dxe5 d5 19. Nd4 Bd7 20. b3 Na3
21. Rb2 c5 22. Nf3 Be8 23. Rd2 Bg6 24. Bh4 Qc7 25. Re1
1-0

[Event "Fast! & Furious?"]
[Site "SchemingMind.com"]
[Date "2014.02.01"]
[Round "-"]
[White "kenneth m day"]
[Black "simpet"]
[Result "1-0"]
[WhiteCountry "USA"]
[BlackCountry "ENG"]
[WhiteElo "1756"]
[WhiteRD "49"]
[BlackElo "1641"]
[BlackRD "54"]
[GameID "346868"]

1. e4 e5 2. Nf3 Nc6 3. c3 Bc5 4. d4 exd4 5. cxd4 Bb6 6. Be3 d6 7. Nc3 Qf6 8. Nd5 Ba5+ 9. Ke2 Nge7 10. Nxf6+ gxf6
11. Bd2 Bb6 12. Bc3 Bg4 13. Ke1 Ng6 14. Be2 Nf4 15. h3 Nxg2+ 16. Kf1 Nf4 17. hxg4 O-O-O 18. d5 Ne5 19. Nxe5 fxe5 20. Bf3 Rdg8
21. a4 a6 22. a5 Ba7 23. b4
1-0

[Event "Fast! & Furious?"]
[Site "SchemingMind.com"]
[Date "2014.01.31"]
[Round "-"]
[White "fu_manchu"]
[Black "simpet"]
[Result "1-0"]
[WhiteCountry "CAN"]
[BlackCountry "ENG"]
[WhiteElo "1751"]
[WhiteRD "68"]
[BlackElo "1622"]
[BlackRD "54"]
[GameID "346869"]

1. d4 Nf6 2. c4 e6 3. g3 Nc6 4. Nf3 b6 5. Bg2 Bb7 6. O-O Bd6 7. Nc3 O-O 8. e4 Bb4 9. e5 Ne8 10. Qc2 Na5
11. a3 Bxc3 12. Qxc3 d6 13. b4 Nc6 14. Be3 Ne7 15. exd6 cxd6 16. Bg5 f6 17. Qd3 Rc8 18. Rfe1 e5 19. d5 fxg5 20. Nxg5 Ng6
21. Ne6 Qf6 22. Nxf8 Qxf8 23. Bh3 Rc7 24. Be6+ Kh8 25. Re3 Bc8 26. Rf3 Qe7 27. Rf7 Qd8 28. Re1 Bxe6 29. dxe6 Re7 30. Rxe5 h6
31. Qxg6
1-0

[Event "Fast! & Furious?"]
[Site "SchemingMind.com"]
[Date "2014.02.07"]
[Round "-"]
[White "mmccaffe"]
[Black "emvarela"]
[Result "1/2-1/2"]
[WhiteCountry "USA"]
[BlackCountry "ARG"]
[WhiteElo "1676"]
[WhiteRD "58"]
[BlackElo "1766"]
[BlackRD "50"]
[GameID "347110"]

1. e4 e5 2. Nf3 Nc6 3. Bb5 f5 4. Nc3 fxe4 5. Nxe4 Nf6 6. Nxf6+ gxf6 7. d4 d6 8. d5 a6 9. Bxc6+ bxc6 10. dxc6 Bg4
11. h3 Bxf3 12. Qxf3 Bg7 13. Qg4 Qe7 14. Be3 Rb8 15. Rb1 d5 16. O-O Kf7 17. f4 e4 18. Qh5+ Kf8 19. Qxd5 Rd8 20. Qa5 Kf7
21. Qxa6 Ra8 22. Qc4+ Qe6 23. Qxe6+ Kxe6 24. a3 f5 25. Rfd1 Rab8 26. Bd4 Bxd4+ 27. Rxd4 Rb6 28. Rc4 Rd8 29. b4 Rd5 30. a4 Kd6
31. b5 Ke6 32. Rcb4 Kd6 33. Rc1 Kc5 34. Rb2 Rd4 35. Ra2 Rd2 36. a5 Rxb5 37. a6 Rd8 38. a7 Ra8 39. c4 Rb6 40. Rd1 Kxc6
41. Rd5 Kb7 42. Rxf5 Rxa7 43. Rxa7+ Kxa7 44. Re5 Rb1+ 45. Kf2 Rb2+ 46. Ke3 Rxg2 47. Rxe4 Rg3+ 48. Kd4 Rxh3 49. Re7 Kb7 50. f5 h5
51. f6 Rf3 52. Ke5 Kc6 53. f7 Re3+ 54. Kf6 Rf3+ 55. Kg7 Rg3+ 56. Kh6 Rf3 57. Kxh5 Kd6 58. Re2=
1/2-1/2

[Event "Fast! & Furious?"]
[Site "SchemingMind.com"]
[Date "2014.02.03"]
[Round "-"]
[White "mmccaffe"]
[Black "Scooter"]
[Result "1-0"]
[WhiteCountry "USA"]
[BlackCountry "USA"]
[WhiteElo "1668"]
[WhiteRD "63"]
[BlackElo "1705"]
[BlackRD "45"]
[GameID "347111"]

1. e4 c6 2. d4 d5 3. e5 Bf5 4. Nf3 e6 5. Bd3 Bxd3 6. Qxd3 Nd7 7. O-O c5 8. c3 cxd4 9. cxd4 Bb4 10. a3 Ba5
11. b4 Bc7 12. Nc3 a6 13. Be3 Ne7 14. g4 O-O 15. Ng5 Ng6 16. f4 h6 17. Nh3 Nb6 18. g5 hxg5 19. Nxg5 Nc4 20. Bc1 Bb6
21. Qh3 Re8 22. Qh7+ Kf8 23. Ne2 Nxf4 24. Bxf4
1-0

[Event "Fast! & Furious?"]
[Site "SchemingMind.com"]
[Date "2014.02.02"]
[Round "-"]
[White "mmccaffe"]
[Black "kenneth m day"]
[Result "0-1"]
[WhiteCountry "USA"]
[BlackCountry "USA"]
[WhiteElo "1668"]
[WhiteRD "63"]
[BlackElo "1756"]
[BlackRD "49"]
[GameID "347112"]

1. e4 e5 2. Nf3 Nc6 3. Bb5 f5 4. d3 fxe4 5. dxe4 Nf6 6. O-O Bc5 7. Nc3 O-O 8. Bg5 d6 9. Nd5 a6 10. Bxc6 bxc6
11. Nxf6+ gxf6 12. Bh6 Rf7 13. Qe2 f5 14. Rad1 Qf6 15. Be3 Bb6 16. Bxb6 cxb6 17. exf5 Bxf5 18. Qd2 Rd8 19. c3 d5 20. Qg5+ Qxg5
21. Nxg5 Rg7 22. Nf3 Bg4 23. Nxe5 Bxd1 24. Rxd1 Rd6 25. c4 d4 26. c5 bxc5 27. Nd3 Rd5 28. Nf4 Rf5 29. Ne6 Rg6
0-1

[Event "Fast! & Furious?"]
[Site "SchemingMind.com"]
[Date "2014.02.02"]
[Round "-"]
[White "mmccaffe"]
[Black "simpet"]
[Result "0-1"]
[WhiteCountry "USA"]
[BlackCountry "ENG"]
[WhiteElo "1668"]
[WhiteRD "63"]
[BlackElo "1641"]
[BlackRD "54"]
[GameID "347113"]

1. e4 e5 2. Nf3 Nc6 3. Bb5 Bc5 4. d3 Nd4 5. Nxd4 Bxd4 6. c3 Bb6 7. O-O Ne7 8. Qg4 Ng6 9. Nd2 O-O 10. Qg3 c6
11. Ba4 Nf4 12. Re1 d6 13. Nc4 Nh5 14. Qf3 Qh4 15. h3 f5 16. Nxb6 axb6 17. Bd1 g6 18. Be3 c5 19. Bh6 Rf7 20. Bb3 f4
21. Bxf7+ Kxf7 22. g4 Nf6 23. g5 Bxh3 24. d4 Ng8 25. dxe5 dxe5 26. Red1 Nxh6 27. gxh6 Qg5+ 28. Kh2 Bg4 29. Qd3 Re8 30. Qd5+ Kf8
31. Qd6+ Kg8 32. Qd5+ Be6 33. Qxb7 Qxh6+ 34. Kg1 f3 35. Qa6 Qh3 36. Qf1 Qg4+ 37. Kh1 Qh5+ 38. Kg1 Bh3
0-1

[Event "Fast! & Furious?"]
[Site "SchemingMind.com"]
[Date "2014.02.03"]
[Round "-"]
[White "mmccaffe"]
[Black "fu_manchu"]
[Result "1-0"]
[WhiteCountry "USA"]
[BlackCountry "CAN"]
[WhiteElo "1666"]
[WhiteRD "60"]
[BlackElo "1751"]
[BlackRD "68"]
[GameID "347114"]

1. e4 c5 2. Nf3 Nc6 3. d4 cxd4 4. Nxd4 Nf6 5. Nc3 e5 6. Ndb5 a6 7. Nd6+ Bxd6 8. Qxd6 Qe7 9. Qxe7+ Nxe7 10. Bg5 Nh5
11. Be2 Nf4 12. Bf3 Neg6 13. Nd5 Nxd5 14. exd5 O-O 15. c4 d6 16. Bh5 Nh8 17. O-O f5 18. Be7 g6 19. Bxf8 Kxf8 20. Be2 Nf7
21. Rfd1 Bd7 22. Rac1 Rc8 23. b4 Ke7 24. c5 Ba4 25. Rd2 dxc5 26. bxc5 Kf6 27. Bd1 Bb5 28. Bb3 Nd6 29. Rdc2 Ne4 30. d6 Bd3
31. d7 Rd8 32. c6 bxc6 33. Rxc6+ Ke7 34. Re6+ Kxd7 35. Rxe5 Bb5 36. Rd1+ Kc7 37. Re7+ Rd7 38. Rdxd7+ Bxd7 39. Rxh7 Kb6 40. Rxd7
1-0

[Event "Fast! & Furious?"]
[Site "SchemingMind.com"]
[Date "2014.02.07"]
[Round "-"]
[White "emvarela"]
[Black "mmccaffe"]
[Result "1-0"]
[WhiteCountry "ARG"]
[BlackCountry "USA"]
[WhiteElo "1732"]
[WhiteRD "45"]
[BlackElo "1690"]
[BlackRD "59"]
[GameID "347115"]

1. e4 e6 2. d4 d5 3. Nc3 Bb4 4. e5 c5 5. a3 Bxc3+ 6. bxc3 Ne7 7. Qg4 Qc7 8. Qxg7 Rg8 9. Qxh7 cxd4 10. Ne2 Nbc6
11. f4 Bd7 12. Qd3 dxc3 13. Qxc3 Nf5 14. Rb1 Rc8 15. Bd2 d4 16. Qd3 b6 17. g3 Na5 18. Bxa5 bxa5 19. Nxd4 Rb8 20. Rxb8+ Qxb8
21. Nxf5 exf5 22. Qb3 Qa8 23. Rg1 Qe4+ 24. Kd1 Ba4 25. Bb5+ Bxb5 26. Qxb5+ Kf8 27. Qd3 Qb7 28. Ke2 Qc8 29. Rd1 Kg7 30. Rd2 Rh8
31. h4 Qb7 32. Qd5 Qa6+ 33. c4 Qb6 34. Qd6
1-0

[Event "Fast! & Furious?"]
[Site "SchemingMind.com"]
[Date "2014.02.03"]
[Round "-"]
[White "Scooter"]
[Black "mmccaffe"]
[Result "1/2-1/2"]
[WhiteCountry "USA"]
[BlackCountry "USA"]
[WhiteElo "1705"]
[WhiteRD "45"]
[BlackElo "1668"]
[BlackRD "63"]
[GameID "347116"]

1. d4 d5 2. Nf3 Nf6 3. Bf4 e6 4. h3 Bd6 5. Bxd6 Qxd6 6. c3 c5 7. e3 Nc6 8. Bb5 a6 9. Bxc6+ bxc6 10. O-O cxd4
11. cxd4 O-O 12. Nbd2 c5 13. dxc5 Qxc5 14. Rc1 Qb6 15. b3 Bd7 16. Rc3 Rfc8 17. Rxc8+ Rxc8 18. Ne5 Bb5 19. Re1 Qc7 20. f4 Qc2
21. Qxc2 Rxc2 22. a4 Bd7 23. Nxd7 Nxd7 24. Rd1 Rc3 25. Kf2 Nc5 26. Rb1 Kf8 27. Ke2 Rc2 28. Kd1 Rc3 29. Ke2 h5 30. b4 Nxa4
31. Ra1 Nb2 32. Rxa6 Rc2 33. Ra2 f6 34. b5 Ke7 35. Ke1 Kd6 36. Ra7 Rc1+ 37. Ke2 Rc2 38. Ke1 Rc1+ 39. Ke2=
1/2-1/2

[Event "Fast! & Furious?"]
[Site "SchemingMind.com"]
[Date "2014.02.02"]
[Round "-"]
[White "kenneth m day"]
[Black "mmccaffe"]
[Result "1-0"]
[WhiteCountry "USA"]
[BlackCountry "USA"]
[WhiteElo "1756"]
[WhiteRD "49"]
[BlackElo "1668"]
[BlackRD "63"]
[GameID "347117"]

1. e4 e5 2. f4 exf4 3. Nf3 d6 4. d4 g5 5. h4 g4 6. Ng1 Nf6 7. Bxf4 Nc6 8. Nc3 d5 9. e5 Ne4 10. Nxe4 dxe4
11. Ne2 f6 12. Qd2 fxe5 13. Bg5 Qd6 14. O-O-O Bf5 15. dxe5 Qxd2+ 16. Rxd2 Nxe5 17. Ng3 Bd7 18. Nxe4 Be7 19. Nf6+ Kd8 20. Bb5 c6
21. Ba4 Bxf6 22. Bxf6+
1-0

[Event "Fast! & Furious?"]
[Site "SchemingMind.com"]
[Date "2014.02.02"]
[Round "-"]
[White "simpet"]
[Black "mmccaffe"]
[Result "0-1"]
[WhiteCountry "ENG"]
[BlackCountry "USA"]
[WhiteElo "1641"]
[WhiteRD "54"]
[BlackElo "1668"]
[BlackRD "63"]
[GameID "347118"]

1. e4 e5 2. Bc4 Bc5 3. Nf3 Nc6 4. Ng5 Qxg5 5. O-O Qg6 6. Nc3 d6 7. a3 Nd4 8. d3 Bh3 9. g3 Bxf1 10. Qxf1 Nf6
11. b4 Bb6 12. Na4 Nxc2 13. Ra2 Nd4 14. Nxb6 axb6 15. f4 exf4 16. Qxf4 Qg4 17. Qf1 O-O 18. Rf2 Ne6 19. Bb2 Nd7 20. Kg2 Ne5
21. Bb3 Nxd3 22. Qxd3 Ng5 23. Rf4 Qd7 24. Qd4 Qh3+ 25. Kg1 Qh6 26. Kg2 Ne6 27. Bxe6 fxe6 28. Rh4 Qf6
0-1